[Event "22nd ETCC Women 2019"]
[Site "Batumi"]
[Date "2019.10.31"]
[Round "7.21"]
[White "Hoang, Thanh Trang"]
[Black "Milliet, Sophie"]
[Result "*"]
[WhiteElo "2414"]
[BlackElo "2400"]
[Annotator "NA"]
[PlyCount "23"]
[EventDate "2019.10.24"]
[EventType "team-tourn"]
[EventCountry "GEO"]
[SourceTitle "playchess.com"]
[Source "ChessBase"]
[SourceQuality "1"]
[WhiteTeam "Hungary"]
[BlackTeam "France"]
[WhiteTeamCountry "HUN"]
[BlackTeamCountry "FRA"]

1. e4 c5 2. Nc3 a6 3. Nge2 d6 4. g3 g6 5. Bg2 Bg7 6. O-O Nc6 7. d3 e6 8. Be3 Nd4 9. Qd2 Rb8 10. Rab1 b5 11. b4 Ne7 12. Bh6 *

[Event "22nd ETCC Women 2019"]
[Site "Batumi"]
[Date "2019.10.31"]
[Round "7.22"]
[White "Guichard, Pauline"]
[Black "Gara, Anita"]
[Result "*"]
[WhiteElo "2407"]
[BlackElo "2366"]
[Annotator "NA"]
[PlyCount "30"]
[EventDate "2019.10.24"]
[EventType "team-tourn"]
[EventCountry "GEO"]
[SourceTitle "playchess.com"]
[Source "ChessBase"]
[SourceQuality "1"]
[WhiteTeam "France"]
[BlackTeam "Hungary"]
[WhiteTeamCountry "FRA"]
[BlackTeamCountry "HUN"]

1. Nf3 Nf6 2. c4 e6 3. g3 d5 4. Bg2 Be7 5. O-O O-O 6. b3 b6 7. Bb2 Bb7 8. e3 c5 9. Nc3 dxc4 10. bxc4 Nc6 11. Qe2 Qc7 12. Ne1 Rfd8 13. f4 Ne8 14. f5 Bf6 15. d3 Qe7 *

[Event "22nd ETCC Women 2019"]
[Site "Batumi"]
[Date "2019.10.31"]
[Round "7.23"]
[White "Lazarne Vajda, Szidonia"]
[Black "Navrotescu, Andreea-Cristiana"]
[Result "*"]
[WhiteElo "2353"]
[BlackElo "2241"]
[Annotator "NA"]
[PlyCount "26"]
[EventDate "2019.10.24"]
[EventType "team-tourn"]
[EventCountry "GEO"]
[SourceTitle "playchess.com"]
[Source "ChessBase"]
[SourceQuality "1"]
[WhiteTeam "Hungary"]
[BlackTeam "France"]
[WhiteTeamCountry "HUN"]
[BlackTeamCountry "FRA"]

1. Nf3 d5 2. b3 Bg4 3. Bb2 Nd7 4. g3 Ngf6 5. Bg2 e6 6. O-O Bd6 7. c4 O-O 8. d3 c6 9. Nbd2 a5 10. a3 Re8 11. Re1 e5 12. cxd5 cxd5 13. Nf1 Qb6 *

[Event "22nd ETCC Women 2019"]
[Site "Batumi"]
[Date "2019.10.31"]
[Round "7.24"]
[White "Benmesbah, Natacha"]
[Black "Gara, Ticia"]
[Result "*"]
[WhiteElo "2265"]
[BlackElo "2322"]
[Annotator "NA"]
[PlyCount "30"]
[EventDate "2019.10.24"]
[EventType "team-tourn"]
[EventCountry "GEO"]
[SourceTitle "playchess.com"]
[Source "ChessBase"]
[SourceQuality "1"]
[WhiteTeam "France"]
[BlackTeam "Hungary"]
[WhiteTeamCountry "FRA"]
[BlackTeamCountry "HUN"]

1. e4 c6 2. d4 d5 3. Nd2 dxe4 4. Nxe4 Nf6 5. Nxf6+ exf6 6. c3 Bd6 7. Bd3 O-O 8. Qc2 Re8+ 9. Ne2 h5 10. O-O h4 11. h3 Nd7 12. Be3 Nf8 13. Rfe1 Bb8 14. Kf1 Ne6 15. Rad1 Qd6 *

[Event "22nd ETCC Women 2019"]
[Site "Batumi"]
[Date "2019.10.31"]
[Round "7.29"]
[White "Tsolakidou, Stavroula"]
[Black "Reizniece-Ozola, Dana"]
[Result "*"]
[WhiteElo "2431"]
[BlackElo "2297"]
[Annotator "NA"]
[PlyCount "32"]
[EventDate "2019.10.24"]
[EventType "team-tourn"]
[EventCountry "GEO"]
[SourceTitle "playchess.com"]
[Source "ChessBase"]
[SourceQuality "1"]
[WhiteTeam "Greece"]
[BlackTeam "Latvia"]
[WhiteTeamCountry "GRE"]
[BlackTeamCountry "LAT"]

1. d4 d5 2. c4 e6 3. Nc3 Nf6 4. cxd5 exd5 5. Bg5 c6 6. e3 Be7 7. Bd3 Nbd7 8. Nge2 O-O 9. Qb1 a5 10. O-O Re8 11. Qc2 Nf8 12. a3 Bd6 13. h3 h6 14. Bh4 Ne6 15. Rab1 Ng5 16. Bf5 Bxf5 *

[Event "22nd ETCC Women 2019"]
[Site "Batumi"]
[Date "2019.10.31"]
[Round "7.30"]
[White "Rogule, Laura"]
[Black "Avramidou, Anastasia"]
[Result "*"]
[WhiteElo "2269"]
[BlackElo "2247"]
[Annotator "NA"]
[PlyCount "44"]
[EventDate "2019.10.24"]
[EventType "team-tourn"]
[EventCountry "GEO"]
[SourceTitle "playchess.com"]
[Source "ChessBase"]
[SourceQuality "1"]
[WhiteTeam "Latvia"]
[BlackTeam "Greece"]
[WhiteTeamCountry "LAT"]
[BlackTeamCountry "GRE"]

1. e4 c5 2. Nf3 e6 3. d4 cxd4 4. Nxd4 Nc6 5. Nc3 Qc7 6. Be2 a6 7. O-O Nf6 8. Be3 Bb4 9. Na4 Be7 10. Nxc6 bxc6 11. Nb6 Rb8 12. Nxc8 Qxc8 13. Bd4 c5 14. Be5 Rb6 15. b3 d6 16. Bc3 O-O 17. Bd3 c4 18. Bxc4 d5 19. exd5 exd5 20. Ba5 Rc6 21. Bd3 Ne4 22. c4 Rh6 *

[Event "22nd ETCC Women 2019"]
[Site "Batumi"]
[Date "2019.10.31"]
[Round "7.31"]
[White "Pavlidou, Ekaterini"]
[Black "Berzina, Ilze"]
[Result "*"]
[WhiteElo "2183"]
[BlackElo "2216"]
[Annotator "NA"]
[PlyCount "41"]
[EventDate "2019.10.24"]
[EventType "team-tourn"]
[EventCountry "GEO"]
[SourceTitle "playchess.com"]
[Source "ChessBase"]
[SourceQuality "1"]
[WhiteTeam "Greece"]
[BlackTeam "Latvia"]
[WhiteTeamCountry "GRE"]
[BlackTeamCountry "LAT"]

1. e4 e5 2. Nf3 Nc6 3. Bb5 Nf6 4. O-O a6 5. Ba4 b5 6. Bb3 Bc5 7. a4 Rb8 8. Nxe5 Nxe5 9. d4 Bxd4 10. Qxd4 d6 11. f4 Nc6 12. Qc3 Bb7 13. e5 Ne4 14. Qe3 d5 15. Nd2 Nxd2 16. Bxd2 Ne7 17. f5 d4 18. Qg5 Bd5 19. f6 Ng6 20. fxg7 Rg8 21. Qh6 *

[Event "22nd ETCC Women 2019"]
[Site "Batumi"]
[Date "2019.10.31"]
[Round "7.32"]
[White "Limanovska, Elizabete"]
[Black "Makka, Ioulia"]
[Result "*"]
[WhiteElo "2186"]
[BlackElo "2048"]
[Annotator "NA"]
[PlyCount "31"]
[EventDate "2019.10.24"]
[EventType "team-tourn"]
[EventCountry "GEO"]
[SourceTitle "playchess.com"]
[Source "ChessBase"]
[SourceQuality "1"]
[WhiteTeam "Latvia"]
[BlackTeam "Greece"]
[WhiteTeamCountry "LAT"]
[BlackTeamCountry "GRE"]

1. e4 e5 2. Nf3 Nc6 3. Bc4 Bc5 4. c3 Nf6 5. d3 O-O 6. Bb3 d5 7. Qe2 dxe4 8. dxe4 Qe7 9. Bg5 a5 10. a4 h6 11. Bh4 b6 12. Nbd2 Ba6 13. Bc4 Bxc4 14. Nxc4 Qe6 15. Bg3 Nh5 16. Ne3 *

[Event "22nd ETCC Women 2019"]
[Site "Batumi"]
[Date "2019.10.31"]
[Round "7.33"]
[White "Peng, Zhaoqin"]
[Black "Houska, Jovanka"]
[Result "*"]
[WhiteElo "2364"]
[BlackElo "2430"]
[Annotator "NA"]
[PlyCount "33"]
[EventDate "2019.10.24"]
[EventType "team-tourn"]
[EventCountry "GEO"]
[SourceTitle "playchess.com"]
[Source "ChessBase"]
[SourceQuality "1"]
[WhiteTeam "Netherlands"]
[BlackTeam "England"]
[WhiteTeamCountry "NED"]
[BlackTeamCountry "ENG"]

1. d4 Nf6 2. c4 c5 3. Nf3 g6 4. Nc3 cxd4 5. Nxd4 Bg7 6. e4 d6 7. Be2 Nc6 8. Be3 O-O 9. O-O Bd7 10. h3 Nxd4 11. Bxd4 Bc6 12. Qc2 Qc7 13. b4 b5 14. cxb5 Bxe4 15. Qb3 Bb7 16. Rac1 e5 17. Be3 *

[Event "22nd ETCC Women 2019"]
[Site "Batumi"]
[Date "2019.10.31"]
[Round "7.35"]
[White "Paulet, Iozefina"]
[Black "Longson, Sarah N"]
[Result "*"]
[WhiteElo "2288"]
[BlackElo "2073"]
[Annotator "NA"]
[PlyCount "36"]
[EventDate "2019.10.24"]
[EventType "team-tourn"]
[EventCountry "GEO"]
[SourceTitle "playchess.com"]
[Source "ChessBase"]
[SourceQuality "1"]
[WhiteTeam "Netherlands"]
[BlackTeam "England"]
[WhiteTeamCountry "NED"]
[BlackTeamCountry "ENG"]

1. d4 d5 2. c4 c6 3. Nf3 Nf6 4. Nbd2 Bf5 5. Nh4 Bg4 6. h3 Bh5 7. g4 Bg6 8. Nxg6 hxg6 9. Bg2 e6 10. Qb3 Qc7 11. g5 Nh5 12. e3 Nd7 13. Nf3 Be7 14. Bd2 O-O 15. cxd5 exd5 16. O-O a5 17. Rac1 Nb6 18. Qd3 Nc4 *

[Event "22nd ETCC Women 2019"]
[Site "Batumi"]
[Date "2019.10.31"]
[Round "7.36"]
[White "Bhatia, Kanwal K"]
[Black "Ratsma, Rosa"]
[Result "*"]
[WhiteElo "2038"]
[BlackElo "2283"]
[Annotator "NA"]
[PlyCount "24"]
[EventDate "2019.10.24"]
[EventType "team-tourn"]
[EventCountry "GEO"]
[SourceTitle "playchess.com"]
[Source "ChessBase"]
[SourceQuality "1"]
[WhiteTeam "England"]
[BlackTeam "Netherlands"]
[WhiteTeamCountry "ENG"]
[BlackTeamCountry "NED"]

1. e4 c6 2. d4 d5 3. exd5 cxd5 4. Nf3 Nf6 5. Bd3 Nc6 6. c3 Qc7 7. h3 g6 8. O-O Bg7 9. Re1 O-O 10. Bg5 Bf5 11. Bxf5 gxf5 12. Qc1 Ne4 *

[Event "22nd ETCC Women 2019"]
[Site "Batumi"]
[Date "2019.11.01"]
[Round "8.21"]
[White "Stojkovska, Monika"]
[Black "Cramling, Pia"]
[Result "0-1"]
[WhiteElo "2108"]
[BlackElo "2462"]
[Annotator "ChessBase"]
[PlyCount "98"]
[EventDate "2019.10.24"]
[EventType "team-tourn"]
[EventCountry "GEO"]
[SourceTitle "playchess.com"]
[Source "ChessBase"]
[SourceQuality "1"]
[WhiteTeam "Macedonia"]
[BlackTeam "Sweden"]
[WhiteTeamCountry "MKD"]
[BlackTeamCountry "SWE"]

1. d4 Nf6 2. c4 e6 3. Nc3 Bb4 4. f3 c5 5. d5 d6 6. e4 O-O 7. Nge2 a6 8. Ng3 exd5 9. cxd5 Nbd7 10. Be2 b5 11. O-O Rb8 12. Be3 Ne5 13. Kh1 Re8 14. Qc1 Bd7 15. Bg1 Ng6 16. Bd3 Ba5 17. Nce2 Rc8 18. b3 h5 19. Nf4 Ne5 20. Bc2 h4 21. Nge2 Qe7 22. Qd1 g5 23. Nd3 Ng6 24. Nf2 Kg7 25. a3 Bb6 26. Qd2 Nh5 27. Ng4 Rh8 28. Be3 f6 29. Kg1 Ne5 30. Nxe5 dxe5 31. Rfd1 Qd6 32. Kf2 Nf4 33. Kf1 Kf7 34. Nxf4 gxf4 35. Bg1 h3 36. g4 fxg3 37. hxg3 Rcg8 38. Bh2 c4 39. b4 Bd4 40. Rab1 Qb6 41. Qe1 Ra8 42. Rd2 a5 43. Re2 axb4 44. axb4 Ra3 45. Rf2 Bxf2 46. Qxf2 Qxf2+ 47. Kxf2 Ra2 48. Rc1 Rha8 49. f4 Ra1 0-1

[Event "22nd ETCC Women 2019"]
[Site "Batumi"]
[Date "2019.11.01"]
[Round "8.36"]
[White "Motycakova, Monika"]
[Black "Lehaci, Miruna-Daria"]
[Result "0-1"]
[WhiteElo "2126"]
[BlackElo "2131"]
[Annotator "NA"]
[PlyCount "110"]
[EventDate "2019.10.24"]
[EventType "team-tourn"]
[EventCountry "GEO"]
[SourceTitle "playchess.com"]
[Source "ChessBase"]
[SourceQuality "1"]
[WhiteTeam "Slovakia"]
[BlackTeam "Romania"]
[WhiteTeamCountry "SVK"]
[BlackTeamCountry "ROU"]

1. e4 c5 2. Nf3 d6 3. Bb5+ Nd7 4. O-O Ngf6 5. Re1 a6 6. Bd3 b5 7. c4 b4 8. Bc2 e5 9. a3 bxa3 10. Rxa3 g6 11. Ba4 Bg7 12. Nc3 Bb7 13. d3 O-O 14. Bd2 Nb6 15. Qc2 Nxa4 16. Rxa4 Bc6 17. Ra3 Qb6 18. Rb3 Qc7 19. Ra1 Rfb8 20. Rba3 Qb7 21. R1a2 Bd7 22. Qc1 Bc8 23. Bg5 Qd7 24. Bxf6 Bxf6 25. Nd5 Bg7 26. Qg5 Ra7 27. h3 h6 28. Qd2 Kh7 29. Nh2 f5 30. Qe2 Qf7 31. Qd2 f4 32. f3 g5 33. Qe2 Qg6 34. Qf2 h5 35. Kf1 Bh6 36. Ke1 Rf7 37. Qe2 g4 38. fxg4 hxg4 39. Nxg4 f3 40. gxf3 Bxg4 41. hxg4 Rbf8 42. Rxa6 Rxf3 43. Ra7+ Kh8 44. Ra8 Qg5 45. Rxf8+ Rxf8 46. Nc3 Qh4+ 47. Kd1 Rf2 48. Qe1 Qg3 49. Qxf2 Qxf2 50. b4 Qe3 51. Kc2 cxb4 52. Nd5 Qd2+ 53. Kb3 Qxd3+ 54. Kb2 b3 55. Ra8+ Kg7 0-1

[Event "22nd ETCC Women 2019"]
[Site "Batumi"]
[Date "2019.11.02"]
[Round "9.2"]
[White "Trippold, Denise"]
[Black "Garcia Martin, Marta"]
[Result "0-1"]
[WhiteElo "2180"]
[BlackElo "2305"]
[Annotator "NA"]
[PlyCount "157"]
[EventDate "2019.10.24"]
[EventType "team-tourn"]
[EventCountry "GEO"]
[SourceTitle "playchess.com"]
[Source "ChessBase"]
[SourceQuality "1"]
[WhiteTeam "Austria"]
[BlackTeam "Spain"]
[WhiteTeamCountry "AUT"]
[BlackTeamCountry "ESP"]

1. c4 b6 2. d4 Bb7 3. Nc3 e6 4. e4 Bb4 5. Qc2 Ne7 6. Bd3 f5 7. f3 O-O 8. Nge2 Nbc6 9. Be3 fxe4 10. fxe4 a5 11. O-O-O Bxc3 12. Nxc3 Nb4 13. Qe2 Nxd3+ 14. Qxd3 d5 15. Bg5 Qd7 16. Rhe1 dxc4 17. Qxc4 Ba6 18. Qb3 Kh8 19. Rd2 Rae8 20. Qd1 Nc6 21. Kb1 Qf7 22. Ka1 Qg6 23. Bh4 Rf7 24. Bg3 Rd7 25. a3 Red8 26. Bh4 Rf8 27. Bg3 Rfd8 28. Bh4 Rf8 29. Bg3 Qg5 30. Ne2 Rfd8 31. Bf4 Qg4 32. h3 Qh4 33. g3 Qh5 34. g4 Qxh3 35. Bg5 Bxe2 36. Rexe2 Qxg4 37. Bxd8 Rxd8 38. Qc1 Nxd4 39. Qxc7 Qh4 40. Rg2 Rg8 41. Rdf2 h6 42. Rf1 Qxe4 43. Rfg1 Nf3 44. Rg4 Qd3 45. Qg3 g5 46. Rh1 Kh7 47. Qh3 Rg6 48. Rg3 g4 49. Qg2 Qf5 50. Rd1 Rg7 51. Qf2 Qf4 52. Qc2+ Qf5 53. Qc8 h5 54. Rd8 Qf7 55. Rg2 Ng5 56. Rf8 Qc7 57. Rh8+ Kg6 58. Qe8+ Qf7 59. Qb5 Qf5 60. Qe8+ Qf7 61. Qb5 Rh7 62. Rb8 Qf5 63. Qe8+ Qf7 64. Qb5 Qf5 65. Qe8+ Kh6 66. Rh2 Qf7 67. Qb5 g3 68. Rc2 Rg7 69. Qxb6 g2 70. Rh8+ Kg6 71. Qg1 Qf1+ 72. Rc1 Rf7 73. Ka2 Qxg1 74. Rxg1 Rf2 75. Rg8+ Kh6 76. Kb3 h4 77. Rh8+ Nh7 78. Re8 Re2 79. Rd8 0-1

[Event "22nd ETCC Women 2019"]
[Site "Batumi"]
[Date "2019.11.02"]
[Round "9.6"]
[White "Javakhishvili, Lela"]
[Black "Khomeriki, Nino"]
[Result "1/2-1/2"]
[WhiteElo "2457"]
[BlackElo "2315"]
[Annotator "ChessBase"]
[PlyCount "102"]
[EventDate "2019.10.24"]
[EventType "team-tourn"]
[EventCountry "GEO"]
[SourceTitle "playchess.com"]
[Source "ChessBase"]
[SourceQuality "1"]
[WhiteTeam "Georgia"]
[BlackTeam "Georgia"]
[WhiteTeamCountry "GEO"]
[BlackTeamCountry "GEO"]

1. d4 Nf6 2. c4 e6 3. Nc3 Bb4 4. e3 O-O 5. Nge2 Re8 6. a3 Bf8 7. g3 d5 8. Bg2 c6 9. b3 b6 10. e4 dxc4 11. bxc4 e5 12. dxe5 Nfd7 13. f4 Ba6 14. Nd4 Bxc4 15. Bf1 Bxf1 16. Kxf1 b5 17. Nf5 Nb6 18. Qe2 a5 19. Kg2 N8d7 20. Rd1 b4 21. Nb1 c5 22. Bb2 Re6 23. Nd2 Qc8 24. Ne3 Qb7 25. Qb5 Qc6 26. Qxc6 Rxc6 27. Ndc4 Nxc4 28. Nxc4 Nb6 29. Rac1 Na4 30. Ba1 h5 31. Kf3 Nb6 32. Bb2 Na4 33. Ba1 Nb6 34. Bb2 a4 35. Rd3 Re8 36. Nxb6 Rxb6 37. Rc4 Reb8 38. Ke2 Rg6 39. Bc1 h4 40. f5 Rgb6 41. gxh4 Re8 42. Rd5 b3 43. Bb2 Rh6 44. Kf3 Ra8 45. Kg4 Rb6 46. h5 Kh7 47. Rd7 Kg8 48. h3 Rba6 49. Rd5 Rb6 50. Rd7 Rba6 51. Rd5 Rb6 1/2-1/2

[Event "22nd ETCC Women 2019"]
[Site "Batumi"]
[Date "2019.11.02"]
[Round "9.20"]
[White "Tamrazyan, Gohar"]
[Black "Bengtsson, Siv"]
[Result "1/2-1/2"]
[WhiteElo "1955"]
[BlackElo "2086"]
[Annotator "NA"]
[PlyCount "103"]
[EventDate "2019.10.24"]
[EventType "team-tourn"]
[EventCountry "GEO"]
[SourceTitle "playchess.com"]
[Source "ChessBase"]
[SourceQuality "1"]
[WhiteTeam "Switzerland"]
[BlackTeam "Sweden"]
[WhiteTeamCountry "SUI"]
[BlackTeamCountry "SWE"]

1. e4 e6 2. d4 d5 3. Nc3 Bb4 4. Nge2 dxe4 5. a3 Be7 6. Nxe4 Nf6 7. Qd3 O-O 8. Bf4 Nbd7 9. O-O-O b6 10. N2c3 Bb7 11. h4 Nxe4 12. Nxe4 Nf6 13. Nxf6+ Bxf6 14. Qg3 Rc8 15. Be5 Qe7 16. Be2 Rfd8 17. Bf3 Bxf3 18. Qxf3 Bxe5 19. dxe5 c5 20. Qe4 Qc7 21. Rxd8+ Rxd8 22. Rh3 Rd5 23. Rd3 Qd7 24. f4 h6 25. g3 h5 26. Kd2 Rxd3+ 27. cxd3 g6 28. Kc3 Kg7 29. d4 Qa4 30. Qd3 Qc6 31. Qc4 Qf3+ 32. Qd3 cxd4+ 33. Kxd4 Qd5+ 34. Kc3 Qc5+ 35. Qc4 Qe3+ 36. Qd3 Qe1+ 37. Kc4 Qf2 38. b4 a6 39. a4 Qa2+ 40. Qb3 b5+ 41. Kc3 Qf2 42. axb5 Qxg3+ 43. Kb2 Qf2+ 44. Qc2 Qxf4 45. bxa6 Qxb4+ 46. Qb3 Qd4+ 47. Kb1 Qe4+ 48. Ka1 Qe1+ 49. Qb1 Qc3+ 50. Qb2 Qa5+ 51. Qa2 Qc3+ 52. Qb2 1/2-1/2

[Event "22nd ETCC Women 2019"]
[Site "Batumi"]
[Date "2019.11.02"]
[Round "9.22"]
[White "Gara, Anita"]
[Black "Injac, Teodora"]
[Result "1/2-1/2"]
[WhiteElo "2366"]
[BlackElo "2257"]
[Annotator "NA"]
[PlyCount "97"]
[EventDate "2019.10.24"]
[EventType "team-tourn"]
[EventCountry "GEO"]
[SourceTitle "playchess.com"]
[Source "ChessBase"]
[SourceQuality "1"]
[WhiteTeam "Hungary"]
[BlackTeam "Serbia"]
[WhiteTeamCountry "HUN"]
[BlackTeamCountry "SRB"]

1. e4 c5 2. Nf3 d6 3. Bb5+ Nd7 4. a4 Ngf6 5. Nc3 g6 6. a5 Bg7 7. a6 O-O 8. O-O Nb8 9. axb7 Bxb7 10. d3 Nc6 11. Ba6 Qb6 12. Bxb7 Qxb7 13. Ra2 Rfc8 14. Re1 Nd7 15. Be3 Nb6 16. Nd2 a5 17. Ra3 Nd4 18. Qb1 e6 19. Na4 Rcb8 20. Nxb6 Qxb6 21. Nc4 Qc7 22. Bxd4 Bxd4 23. c3 Bg7 24. Qa2 d5 25. exd5 exd5 26. Nxa5 Re8 27. Ra1 Re2 28. Nb3 Rf8 29. Ra8 Qe5 30. g3 Qf5 31. Rf1 h5 32. Qa4 Rxa8 33. Qxa8+ Kh7 34. Qd8 Rxb2 35. Nxc5 Bxc3 36. Qh4 Rb4 37. Qe7 Qf6 38. Qxf6 Bxf6 39. Rc1 Rb2 40. Na4 Ra2 41. Nc3 Ra5 42. Kg2 g5 43. h3 Kg6 44. Kf3 Ra3 45. Nxd5 Rxd3+ 46. Ne3 Rd6 47. g4 h4 48. Rc8 Ra6 49. Rc4 1/2-1/2